000 00976nas a2200313 4500
001 BR2012004076
003 BR-BrBNA
005 20231205120652.0
007 ta
008 230509b bl.|||p| |||| 00| 00por d
040 _aBR-BrBNA
_bpor
_cBiblioteca Nacional de Agricultura
041 _a(Pt)
072 _aP10; N20
100 1 _aDias, H.C.T.
100 1 _aSato, A.Y.
100 1 _aOliveira Neto, S.N. de
100 1 _aMorais, T. de C.
100 1 _aFreire, A.
100 1 _aBento, P.S.
245 1 _aCultivo da macaúba: ganhos ambientais em áreas de pastagens
650 _aMACAÚBA
650 _aDESENVOLVIMENTO SUSTENTÁVEL
650 _aESCOAMENTO
650 _aBACIA HIDROGRÁFICA
650 _aMANEJO DE ÁGUA
773 0 _tInforme Agropecuário- Empresa de Pesquisa Agropecuária de Minas Gerais (Brazil)
_xISSN 0100-3364
_g(Nov-Dec 2011), v. 32(265) p. 52-60
_wBR2012004076
909 _a202311
_bLúcia
_c55
_dLúcia Elande
942 _2AGRIS
_n0
_cANA
999 _c219668
_d219668